Cartilla de Buenas Prácticas para el Manejo, Consumo y Cuidado del Agua (Registro nro. 9014)

Detalles MARC
000 -CABECERA
Campo de control 00801nam a22002297a 4500
005 - FECHA Y HORA DE LA ULTIMA TRANSACCION
Campo de control 20180803165628.0
008 - ELEMENTOS DE LONGITUD FIJA—INFORMACION GENERAL
Campo de control 150120b ck Il |r|||| 00| 0 spa d
020 ## - ISBN
ISBN 9789589935262
040 ## - FUENTE DE CATALOGACIÓN
Agencia catalogadora original CO-BoIAVH
Agencia transcriptora CO-BoIAVH
041 ## - IDIOMA
Código de idioma para texto/pista de sonido o título separado Español
044 ## - PAÍS DE PUBLICACIÓN
País de publicación Colombia
090 ## - CLASIFICACIÓN LOCAL
Colección EA
Consecutivo 00279
245 ## - MENCION DE TITULO
Título Cartilla de Buenas Prácticas para el Manejo, Consumo y Cuidado del Agua
260 ## - PUBLICACION, DISTRIBUCION, ETC. (PIE DE IMPRENTA)
Lugar de publicación, distribución, etc. Tunja :
Nombre del editor, distribuidor, etc. Corporación Autónoma Regional de Boyacá-CORPOBOYACA,
-- ONG Cabildo Verde Los Sauces,
Fecha de publicación, distribución, etc. [Sin fecha de publicación]
300 ## - DESCRIPCION FISICA
Extensión 36 pag
Otros detalles físicos Il., fot (col)
Dimensiones 19 cm.
504 ## - NOTA DE BIBLIOGRAFIA, ETC.
Nota de bibliografía Incluye referencias bibliográficas (pag 33)
650 #4 - ASIENTO SECUNDARIO DE MATERIA - TERMINO TEMATICO
Término temático o nombre geográfico como elemento de entrada Agua
Subdivisión general Legislación
650 #4 - ASIENTO SECUNDARIO DE MATERIA - TERMINO TEMATICO
Término temático o nombre geográfico como elemento de entrada Recursos hídricos
650 ## - ASIENTO SECUNDARIO DE MATERIA - TERMINO TEMATICO
Término temático o nombre geográfico como elemento de entrada Uso del agua
650 ## - ASIENTO SECUNDARIO DE MATERIA - TERMINO TEMATICO
Término temático o nombre geográfico como elemento de entrada Conservación del agua
942 ## - ELEMENTOS ADICIONALES (KOHA)
Sistema de clasificación Local
Tipo de ítem Libro
Existencias
Withdrawn status Lost status Sistema de Clasificación Damaged status No para préstamo Colección Inventariado Ubicación Permanente Ubicación actual Fecha de adquisición Fuente de Valor Valor Total Checkouts Número topográfico Inventario / Código de Barras Date last seen Ejemplar Price effective from Forma de adquisición Tipo de material
    Local     Educación Ambiental Inventariado 2017 Sala Fabio Quevedo Sala Fabio Quevedo 20/01/2015 Instituto 39000.00   EA-00279 035009 20/01/2015 Ej. 1 20/01/2015   Libro
    Local     Educación Ambiental Inventariado 2017 Sala Fabio Quevedo Sala Fabio Quevedo 20/01/2015 Instituto 39000.00   EA-00279 035010 20/01/2015 Ej. 2 20/01/2015   Libro